| 000 | 00472pab a2200157 454500 | ||
|---|---|---|---|
| 008 | 180718b2000 xxu||||| |||| 00| 0 eng d | ||
| 100 | _aJohn, Mary E. | ||
| 245 | _aAlternate modernities? Reservations and women's movement in 20th century India | ||
| 260 | _c2000 | ||
| 300 | _ap.3822-829 | ||
| 362 | _a21 and 28 Oct | ||
| 650 | _aWomens liberation movement - India | ||
| 650 | _aWomens liberation movement | ||
| 773 | _aEconomic and Political Weekly | ||
| 909 | _a46653 | ||
| 999 |
_c46653 _d46653 |
||